Riconosci il Pokémon - Quiz n°798 - Statistics

Statistiche generali
  • Questo quiz è stato fatto 0 volte
  • Il punteggio medio è 0 su 10
Statistiche sulle risposte
Indizio Riposta % Corretto
Altezza 1,1 m
0%
Sesso 50% ♂, 50% ♀
0%
Tasso di cattura 60 (14.8%)
0%
Peso 64,8 kg
0%
Stadio evoluzione Forma Base
0%
Pokémon Gligar
0%
Abilità Ipertaglio; Sabbiavelo; Immunità
0%
Tasso di allevamento Medio-Lento
0%
Generazione Seconda
0%
Tipo Terra / Volante
0%
Nessun quiz corrispondente trovato
Distribuzione punteggi
Percentuale di utenti per punteggio
Percentile per numero di risposta
I tuoi punteggi nel tempo
Non hai fatto questo quiz